Башня: роман

Dettagli Bibliografici
Autore principale: Новиков А. Александр
Riassunto:На берегу Невы возвышается четырехсотметровая башня. Башня, которая строилась как сила могущества России давно перешла в руки нездешних хозяев. Кажется, уже ничто не спасет русскую цивилизацию от гибели, но движение "Гезы" имеет свою точку зрения на этот вопрос и свой ответ в несколько килотонн...
Lingua:russo
Pubblicazione: Москва, АСТ, 2008
Serie:Русский апокалипсис Кн. 1
Soggetti:
Natura: MixedMaterials Libro
KOHA link:https://koha.lib.tpu.ru/cgi-bin/koha/opac-detail.pl?biblionumber=207172

MARC

LEADER 00000nam0a2200000 4500
001 207172
005 20231031190914.0
010 |a 9785226009464 
010 |a 978-5-17-055148-4 
010 |a 978-5-9725-1256-0 
035 |a (RuTPU)RU\TPU\book\225950 
090 |a 207172 
100 |a 20120123d2008 m y0rusy50 ca 
101 0 |a rus 
102 |a RU 
105 |a y z 000ay 
200 1 |a Башня  |e роман  |f А. Новиков 
210 |a Москва  |c АСТ  |a СПб.  |c Астрель-СПб  |a Владимир  |c ВКТ  |d 2008 
215 |a 351 с. 
225 1 |a Русский апокалипсис  |v Кн. 1 
330 |a На берегу Невы возвышается четырехсотметровая башня. Башня, которая строилась как сила могущества России давно перешла в руки нездешних хозяев. Кажется, уже ничто не спасет русскую цивилизацию от гибели, но движение "Гезы" имеет свою точку зрения на этот вопрос и свой ответ в несколько килотонн... 
610 1 |a русская литература 
610 1 |a романы 
610 1 |a фантастика 
675 |a Р2  |v 3 
700 1 |a Новиков  |b А.  |g Александр 
801 1 |a RU  |b 63413507  |c 20120123 
801 2 |a RU  |b 63413507  |c 20120127  |g RCR 
942 |c BK